Toán đồ cho người yêu thích vô tuyến điện

Guardado en:
Detalles Bibliográficos
Autor principal: V Ya Bruskin
Formato: Libro
Lenguaje:Undetermined
Publicado: Hà Nội KHKT 1986
Materias:
Etiquetas: Agregar Etiqueta
Sin Etiquetas, Sea el primero en etiquetar este registro!
Thư viện lưu trữ: Trung tâm Học liệu Trường Đại học Cần Thơ
LEADER 00514nam a2200169Ia 4500
001 CTU_2185
008 210402s9999 xx 000 0 und d
082 |a 530.150212 
082 |b B886 
100 |a V Ya Bruskin 
245 0 |a Toán đồ cho người yêu thích vô tuyến điện 
245 0 |c V Ya Bruskin, Vũ Hồng Tiến 
260 |a Hà Nội 
260 |b KHKT 
260 |c 1986 
650 |a graphic methods,mathematics 
980 |a Trung tâm Học liệu Trường Đại học Cần Thơ